Food Each Animal Eats - Statistics

General Stats
  • This quiz has been taken 966 times
  • The average score is 12 of 18
Answer Stats
Animal Food % Correct
panda bamboo
99%
monkey banana
91%
rabbit carrot
91%
mosquito blood
88%
mice cheese
88%
cow grass
88%
squirrel nut / acorn
85%
bear honey
71%
beaver wood
70%
frog fly
69%
koala eucalyptus
66%
dog bone
64%
horse sugar cube
45%
mongoose snake
38%
elephant peanut
34%
parrot cracker
30%
fish worm
23%
sea otter clam
21%
No matching quizzes found
Score Distribution
Percent of People with Each Score
Percentile by Number Answered
Your Score History
You have not taken this quiz